Statistics for 100 Most Influential People Of The 20th Century

Click here to take the quiz!

General Stats

  • This quiz has been taken 1,246 times
  • The average score is 61 of 100

Answer Stats

Occupation/Claim to FamePerson% Correct
4. German Politician, FuhrerAdolf Hitler
98%
1. Scientist, E=MC2Albert Einstein
98%
6. Soviet Politician, WW2Joseph Stalin
97%
2. Indian Politician, Salt MarchMohandas Gandhi
97%
65. ^Indian Politician, AssasinatedIndira Gandhi
96%
15. *Astronauts, Moon LandingNeil Armstrong, Buzz Aldrin, Michael Collins
95%
7. Apartheid, President South AfricaNelson Mandela
95%
5. British Politician, Finest HourWinston Churchill
95%
3. American President, New DealFranklin D. Roosevelt
93%
8. Civil Rights, I Have A dreamMartin Luther King, Jr
93%
16. Italian Politician, WW2Benito Mussolini
92%
58. MicrosoftBill Gates
90%
19. Chinese Politician, Founder People's Republic Of ChinaMao Zedong
90%
24. Soviet Politician, Lead BolsheviksVladimir Lenin
90%
61. Musician, JazzLouis Armstrong
89%
14. Cuban Politician, Missile CrisisFidel Castro
88%
18. FordHenry Ford
88%
30. ^British Politician, Iron LadyMargaret Thatcher
88%
9. Boxer, Rumble In The JungleMuhammad Ali
87%
74. AppleSteve Jobs
87%
11. *Musicians, Abbey RoadThe Beatles
87%
27. American PresidentJohn F. Kennedy
85%
69. American President, WatergateRichard Nixon
85%
40. Musician, ThrillerMichael Jackson
84%
49. ^Politician, Womans RightsEleanor Roosevelt
83%
68. ^British RoyaltyQueen Elizabeth II
83%
37. American President, Tear Down This WallRonald Reagan
83%
95. American PoliticianTheodore Roosevelt
83%
26. Animator, Theme ParksWalt Disney
79%
21. American President, Atomic bombsHarry Truman
78%
54. ^Activist, Refused To Move To Back Of BusRosa Parks
78%
23. ^Actress, Some Like It HotMarilyn Monroe
77%
17. Soviet Politician, Last President of USSRMikhail Gorbachev
77%
13. Soccer PlayerPele
77%
25. Latino RevolutionaryChe Guevara
76%
50. Director, JawsSteven Spielberg
74%
28. Basketball PlayerMichael Jordan
73%
57. Martial ArtsBruce Lee
72%
89. ^Hiding, DiaryAnne Frank
71%
22. Musician, GracelandElvis Presley
71%
48. ^Aviation, DissapearedAmelia Earhart
70%
76. PsychoanalystSigmund Freud
70%
36. ^Scientist, RadiationMarie Curie
69%
47. PopePope John Paul II
69%
79. Spanish DictatorFrancisco Franco
67%
34. ^Nun, TeacherMother Teresa
67%
12. Actor, The GodfatherMarlon Brando
66%
62. French Politician, Paris AirportCharles de Gaulle
65%
20. *Aviation, KittyhawkOrville and Wilbur Wright
65%
10. American President, 14 pointsWoodrow Wilson
65%
63. Director, PsychoAlfred Hitchcock
63%
44. Artist, GuernicaPablo Picasso
63%
46. Baseball PlayerBabe Ruth
61%
86. Cambodian Politician, Khmer RougePol Pot
61%
39. Vietnamese PoliticianHo Chi Minh
60%
43. Civil Rights, Nation Of IslamMalcolm X
60%
29. Cosmonaut, SputnikYuri Gagarin
60%
90. Criminal, ProhibitionAl Capone
58%
52. ^Blindness, DeafnessHelen Keller
58%
45. Actor, The ShiningJack Nicholson
58%
55. Artist, Campbell's Soup CansAndy Warhol
57%
35. ^FashionCoco Chanel
53%
77. Russian CzarNicholas II
53%
78. Actor, Raging BullRobert De Niro
53%
96. ^British RoyaltyPrincess Diana
52%
64. PenicillinAlexander Fleming
51%
70. ^Actress, CleopatraElizabeth Taylor
50%
84. Author, The Cat In The HatDr. Seuss
49%
73. Inventor, PatentsThomas Edison
49%
56. Manhattan ProjectJ. Robert Oppenheimer
48%
32. Soviet PoliticianNikita Khrushchev
48%
53. ^TV Personality, PhilanthripistOprah Winfrey
48%
81. ^Actress, My Fair LadyAudrey Hepburn
47%
59. Author, A Farewell To ArmsErnest Hemingway
46%
93. Track And Field, BerlinJesse Owens
46%
67. Standard OilJohn D. Rockefeller
46%
85. Musician, Hit The Road JackRay Charles
46%
41. Aviation, Spirit Of St. LouisCharles Lindbergh
45%
31. ^Actress, On Golden PondKatharine Hepburn
44%
92. Soviet Politician, Founder Of Red ArmyLeon Trotsky
44%
91. Author, The Catcher In The RyeJ.D Salinger
42%
51. Baseball, Racial BarrierJackie Robinson
41%
87. ^Actress, Kramer Vs KramerMeryl Streep
40%
97. *Climbers, Mount EverestEdmund Hilary and Tenzing Norgay
34%
60. Economist, Left LeaningJohn M. Keynes
33%
38. ^Author, And Then There Were NoneAgatha Christie
30%
42. Scientist, InventorNikola Tesla
30%
83. Actor, Cool Hand LukePaul Newman
30%
82. Artist, Swans Reflecting ElephantsSalvador Dali
29%
80. Actor, SingerFrank Sinatra
28%
71. Aviation, Spruce GooseHoward Hughes
26%
33. Director, ActorCharlie Chaplin
22%
99.. ^PrimotalogistJane Goodall
22%
100. Tiananmen Square ProtestTank Man
11%
75. *Broadway MusicalsRodgers and Hammerstein
9%
66. Economist, Right LeaningFriedrich Hayek
8%
88. Artist, Woman With A HatHenry Matisse
7%
72. Actor, SleuthLaurence Olivier
7%
98. Canadian Prime Minister, Nobel Peace PrizeLester B. Pearson
7%
94. Chinese Premier, Second In Command To MaoZhou Enlai
7%

Score Distribution

Percentile by Number Answered

Percent of People with Each Score

Your Score History

You have not taken this quiz